000 00484cam a22002054a 4500
005 20250605164315.0
008 250528s ||||||||||||||||||||||||d
035 _a22665
020 _a9780201674767
040 _aGR-AtMCL
_bgre
_dGR-AtMCL
_eAACR2
245 1 _aDATABASE SOLUTIONS
250 _a1
260 _bAddison-Wesley,
_c2000
300 _a426
700 1 _aBegg Carolyn
_91902
700 1 _aConnolly Thomas
_91903
942 _cBK
999 _c7713
_d7713